Einführung in die Theorie der Spiele: mit Anwendungsbeispielen, insbesondere aus Wirtschaftslehre und Soziologie

Gespeichert in:  
Bibliographische Detailangaben
1. VerfasserIn: Burger, Ewald 1921-1981 (Verfasst von)
Medienart: Druck Buch
Sprache:Deutsch
Veröffentlicht: Berlin de Gruyter 1966
In:Jahr: 1966
Ausgabe:2., durchges. Aufl.
Online-Zugang: Inhaltsverzeichnis
Inhaltsverzeichnis
Bestand in Tübingen:In Tübingen vorhanden.
IFK: O II 41
Verfügbarkeit prüfen: HBZ Gateway
Subito Bestelldienst: Jetzt bestellen.
Schlagwörter:

MARC

LEADER 00000cam a2200000 c 4500
001 1073142175
003 DE-627
005 20260206195233.0
007 tu
008 850101s1966 gw ||||| 00| ||ger c
016 7 |a 456239383  |2 DE-101 
035 |a (DE-627)1073142175 
035 |a (DE-603)035557621 
035 |a (DE-576)003142175 
035 |a (DE-599)BSZ003142175 
035 |a (OCoLC)4513248 
035 |a (OCoLC)263571965 
035 |a (OCoLC)04513248 
035 |a (DE-604)800918984x 
040 |a DE-627  |b ger  |c DE-627  |e rakwb 
041 |a ger 
044 |c XA-DE 
050 0 |a QA269 
082 0 |a 512.8 
084 |a MA 995  |2 sfb 
084 |a 19a  |2 sdnb 
084 |a 6,24  |2 ssgn 
084 |a MB 2500  |2 rvk  |0 (DE-625)rvk/122286: 
084 |a QH 430  |2 rvk  |0 (DE-625)rvk/141581: 
084 |a SK 860  |2 rvk  |0 (DE-625)rvk/143264: 
084 |a 31.70  |2 bkl 
100 1 |8 1\p  |a Burger, Ewald  |d 1921-1981  |0 (DE-588)117708852  |0 (DE-627)694480746  |0 (DE-576)291610390  |4 aut 
109 |a Burger, Ewald 1921-1981 
245 1 0 |a Einführung in die Theorie der Spiele  |b mit Anwendungsbeispielen, insbesondere aus Wirtschaftslehre und Soziologie  |c Ewald Burger 
250 |a 2., durchges. Aufl. 
264 1 |a Berlin  |b de Gruyter  |c 1966 
300 |a 169 S.  |b graph. Darst. 
336 |a Text  |b txt  |2 rdacontent 
337 |a ohne Hilfsmittel zu benutzen  |b n  |2 rdamedia 
338 |a Band  |b nc  |2 rdacarrier 
505 8 |a Literaturverz. S. [166] - 167 
505 8 |a Literaturverz. S. [166] - 167 
505 8 |a Literaturverz. S. [166] - 167 
583 1 |a Archivierung/Langzeitarchivierung gewährleistet  |f SSG  |x XA-DE-BW  |2 pdager  |5 DE-21 
650 0 |a Game Theory 
650 0 7 |0 (DE-588)4056243-8  |0 (DE-627)106155296  |0 (DE-576)209117079  |a Spieltheorie  |2 gnd 
650 4 |a Spiel 
655 7 |a Einführung  |0 (DE-588)4151278-9  |0 (DE-627)104450460  |0 (DE-576)209786884  |2 gnd-content 
689 0 0 |d s  |0 (DE-588)4056243-8  |0 (DE-627)106155296  |0 (DE-576)209117079  |a Spieltheorie  |2 gnd 
689 0 |5 (DE-627) 
689 1 0 |d s  |0 (DE-588)4056243-8  |0 (DE-627)106155296  |0 (DE-576)209117079  |a Spieltheorie  |2 gnd 
689 1 |5 (DE-627) 
856 4 2 |u http://www.gbv.de/dms/hebis-darmstadt/toc/35557621.pdf  |m V:DE-603  |m B:DE-17  |q pdf/application  |x Verlag  |y Inhaltsverzeichnis  |3 Inhaltsverzeichnis  |7 1 
856 4 2 |u http://scans.hebis.de/HEBCGI/show.pl?03555762_toc.pdf  |m V:DE-603;B:DE-17  |q application/pdf  |3 Inhaltsverzeichnis  |7 1 
883 |8 1\p  |a cgwrk  |d 20241001  |q DE-101  |u https://d-nb.info/provenance/plan#cgwrk 
889 |w (DE-627)020714386 
935 |i mdedup 
935 |h HEB  |i 0501 
935 |h HEB  |i 0503 
936 r v |a MB 2500  |b Kybernetik und Computereinsatz, Simulation, Spieltheorie  |k Politologie  |k Grundlagen und Selbstverständnis des Faches  |k Logik und Methode der politischen Wissenschaft  |k Kybernetik und Computereinsatz, Simulation, Spieltheorie  |0 (DE-627)1271423944  |0 (DE-625)rvk/122286:  |0 (DE-576)201423944 
936 r v |a QH 430  |b Spieltheorie allgemein  |k Wirtschaftswissenschaften  |k Mathematik. Statistik. Ökonometrie. Unternehmensforschung  |k Operations Research  |k Spieltheorie  |k Spieltheorie allgemein  |0 (DE-627)1271491451  |0 (DE-625)rvk/141581:  |0 (DE-576)201491451 
936 r v |a SK 860  |b Spieltheorie  |k Mathematik  |k Monografien  |k Wahrscheinlichkeitstheorie  |k Spieltheorie  |0 (DE-627)1271499827  |0 (DE-625)rvk/143264:  |0 (DE-576)201499827 
936 b k |a 31.70  |j Wahrscheinlichkeitsrechnung  |0 (DE-627)106408070 
936 s n |a q100  |2 mzub 
936 s n |a s100  |2 mzub 
938 1 0 |0 (DE-627)1756143854  |0 (DE-615)6603330  |a Spieltheorie  |2 fivt 
951 |a BO 
ELC |b 1 
LOK |0 000 xxxxxcx a22 zn 4500 
LOK |0 001 2023662540 
LOK |0 003 DE-627 
LOK |0 004 1073142175 
LOK |0 005 20020607000000 
LOK |0 008 930430||||||||||||||||ger||||||| 
LOK |0 040   |a DE-21-110  |c DE-627  |d DE-21-110 
LOK |0 852   |a DE-21-110 
LOK |0 852 1  |c O II 41  |m p  |9 00 
LOK |0 935   |a k110 
LOK |0 936ln  |a 7.1 
LOK |0 938   |k p 
LOK |0 939   |a 30-04-93  |b l01 
ORI |a SA-MARC-krimdoka001.raw 
SIG |a IFK: O II 41